|
|
|
|
| LEADER |
00000nam0a2200000 4500 |
| 001 |
28474 |
| 005 |
20231101205845.0 |
| 010 |
|
|
|a 52560011588
|
| 035 |
|
|
|a (RuTPU)RU\TPU\book\28730
|
| 035 |
|
|
|a BOOK00028805
|
| 090 |
|
|
|a 28474
|
| 100 |
|
|
|a 20011209d1993 km y0rusy50 ca
|
| 101 |
0 |
|
|a rus
|
| 102 |
|
|
|a RU
|
| 105 |
|
|
|a a g 000zy
|
| 200 |
1 |
|
|a Справочная книга радиолюбителя-конструктора
|h Кн. 1
|f под ред. Н. И. Чистякова
|
| 210 |
|
|
|a Москва
|c Радио и связь
|d 1993
|
| 215 |
|
|
|a 336 с.
|c ил.
|
| 225 |
1 |
|
|a Массовая радиобиблиотека
|v Вып. 1195
|
| 606 |
1 |
|
|a Радиоаппаратура
|x Конструкция и расчет
|2 stltpush
|3 (RuTPU)RU\TPU\subj\22462
|9 47213
|
| 610 |
1 |
|
|a радио
|
| 610 |
1 |
|
|a аппаратура
|
| 610 |
1 |
|
|a самодельная радиоаппаратура
|
| 610 |
1 |
|
|a радиотехнические устройства
|
| 610 |
1 |
|
|a электронные устройства
|
| 610 |
1 |
|
|a автоматические устройства
|
| 610 |
1 |
|
|a электропитание
|
| 610 |
1 |
|
|a магнитные записи
|
| 610 |
1 |
|
|a справочники
|
| 675 |
|
|
|a 621.396.6.001.66(035)
|v 3
|
| 702 |
|
1 |
|a Чистяков
|b Н. И.
|g Николай Иосафович
|4 340
|
| 801 |
|
0 |
|a RU
|b 63413507
|c 20011209
|g PSBO
|
| 801 |
|
2 |
|a RU
|b 63413507
|c 20150617
|g PSBO
|
| 942 |
|
|
|c BK
|